00648 2200217 4500001002100000005001700021008004100038020001800079035002400097040001900121082001000140090001700150100001600167245009500183250001100278260006000289300002200349650003200371850001200403990001500415YOGYA-0112000000067820120116041241.0 ind  a979-8581-02-4 0010-011200000000678 aYOPDYOG badran a297.9 a297.9bKun D aKUNTOWIJOYO aDinamika sejarah umat islam IndonesiacKuntowijoyo ; penyunting, AE Priyono, Lukman Hakiem aCet. 2 aYogyakartabShalahuddin Press dan Pustaka Pelajarc1994 ax, 164 hlmc21 cm aIslam - Sejarah - Indonesia aYOPDYOG a63753-P/95